Evolución de los modelos docentes personales, a través de la metáfora, de futuros profesores de Orientación educativa de secundaria.

Guardado en:
Bibliografiske detaljer
Hovedforfatter: Mellado, Lucía (autor)
Andre forfattere: De la Montaña, Juan Luis (autor) (autor), Luengo, María Rosa (autor) (autor), Bermejo, María Luisa (autor) (autor)
Format: Bog
Sprog:spansk
Fag:
Online adgang:Ver documento en línea
Tags: Tilføj Tag
Ingen Tags, Vær først til at tagge denne postø!

MARC

LEADER 00000nam^a2200000^u^4500
001 000534603
005 20260425000000.0
008 170425s10001000^^^^cr^^r^^^^^000^0^spa^d
009 20260425195007.132
022 |a 14056666 
035 |a FCE 000078851 
037 |a Acervo ITESO - Biblioteca 
041 |a spa 
095 |a REVISTA MEXICANA DE INVESTIGACION EDUCATIVA (PDF)  |b 73/2017 
100 |a Mellado, Lucía  |e (autor) 
245 1 0 |a Evolución de los modelos docentes personales, a través de la metáfora, de futuros profesores de Orientación educativa de secundaria. 
264 |a México :  |b Consejo Mexicano de Investigación Educativa,  |c 2017. 
300 |a pp. 367-398 
336 |a texto  |b txt  |2 rdacontenido 
337 |a sin mediación  |b n  |2 rdamedio 
338 |a volumen  |b nc  |2 rdasoporte 
649 |a XX 
650 |a Educación media 
650 |a Orientación educativa 
650 |a Estilos de enseñanza 
650 |a Formación de profesores 
650 |a Concepciones del profesor 
740 |g vol. 22, no. 73, abr.-jun., 2017, pp. 367-398  |t Revista Mexicana de Investigación Educativa, 
700 |a De la Montaña, Juan Luis  |e (autor) 
700 |a Luengo, María Rosa  |e (autor) 
700 |a Bermejo, María Luisa  |e (autor) 
856 4 0 |u https://www.comie.org.mx/v1/revista/visualizador.php?articulo=ART73002&criterio=https://www.comie.org.mx/documentos/rmie/v22/n073/pdf/73002.pdf  |y Ver documento en línea 
910 |a Fondo Centro de Estudios Educativos 
920 |a Impresos - Libros 
930 |a Fondos Especiales 
905 |a 133 
902 |a https://opac.biblio.iteso.mx/vufind/Record/000534603